000 00795nam a2200229 a 4500
001 000032109
005 20250609123930.0
008 110712s2002 dr ac 000 0 spa d
040 _aDO-SdBNP
_bspa
_cBNPHU
082 _a398.961
_bR741p
100 1 _aRojas, Max de Js.,
_d1909-
_958227
245 1 0 _aParte de la vivencia de los 94 años del Dr. Max de Js. Rojas.
260 _a[Santo Domingo :
_bs.n.],
_c2002.
300 _a285 p. :
_bil., retrs. ;
_c28 cm.
500 _aIncluye datos biográficos del autor en la última página.
590 _aInventariado, 2018/VM
650 4 _aProverbios y refranes dominicanos
_918876
650 0 _aPalabras y frases
_910914
650 0 _aPoesía dominicana
_966
650 0 _aLiteratura dominicana.
_967
910 _aValidado. Control de calidad EMS
999 _c31600
_d31600